000 00961nam a2200265Ia 4500
003 OSt
005 20220927105601.0
006 a|||||r|||| 00| 0
007 ta
008 220926b |||||||| |||| 00| 0 eng d
024 _a192466
037 _cReference Collections
040 _aRTL
_cRTL
_beng
041 _2eng
_aeng
082 _a"X9(D26):(G:55).2, M6/GD"
110 _aCENTRAL BOARD FOR THE PREVENTION AND CONTROL OF WATER POLLUTION
_9373561
245 0 _aSTATUS OF water quality of some rivers of India monitored under global environmental monitoring systems
260 _aNew
_bDelhi CBPCWP
_c1986
300 _a81p
_ccm.
490 _aMonitoring of Indian National Aquatic Resources Series: MINRAS/1/1986-87
500 _aAppendix: P 61-77
700 _aCENTRAL BOARD FOR THE PREVENTION AND CONTROL OF WATER POLLUTION
_9373562
942 _h"X9(D26):(G:55).2, M6/GD"
_cCC
999 _c693288
_d693288